Statistics for Wakanda... or Uganda?

Click here to take the quiz!

General Stats

  • This quiz has been taken 166 times
  • The average score is 8 of 15

Answer Stats

Question Answer % Correct
The name of its ruler is T’ChallaWakanda
90%
Its capital city borders Lake VictoriaUganda
79%
Has the higher literacy rate of the twoWakanda
74%
Is a presidential republicUganda
69%
Is majority ChristianUganda
67%
Has the larger population of the twoUganda
59%
Is landlockedBoth
56%
Has Xhosa for its most spoken languageWakanda
51%
Has been ruled by at least one dictatorBoth
47%
A river flows through its capital cityWakanda
44%
Is home to wild rhinocerosBoth
44%
Has the dollar as its currency (any form)Wakanda
38%
Has an animal on its flagBoth
38%
Is considered a third world countryBoth
34%
Borders KenyaBoth
29%

Score Distribution

Percentile by Number Answered

Percent of People with Each Score

Your Score History

You have not taken this quiz